Educación Básica de Adultos: III nivel, texto cuaderno del estudiante

Αποθηκεύτηκε σε:
Λεπτομέρειες βιβλιογραφικής εγγραφής
Κύριοι συγγραφείς: Egaña Baraona, Loreto (Συγγραφέας), Infante Roldán, María Isabel (Συγγραφέας), Carrasco Bertrand, María Isabel (Συγγραφέας), Casassus Bulnes, Ana (Συγγραφέας), Colomer Salazar, Carmen (Συγγραφέας), Hahn Caballero, María Soledad (Συγγραφέας), Murúa Arroyo, Vivian (Συγγραφέας), Pavez Ormazábal (Συγγραφέας)
Μορφή: Βιβλίο
Γλώσσα:Ισπανικά
Έκδοση: Santiago MINEDUC 2000
Σειρά:Area de Lenguaje y Comunicación
Θέματα:
Ετικέτες: Προσθήκη ετικέτας
Δεν υπάρχουν, Καταχωρήστε ετικέτα πρώτοι!

MARC

LEADER 00000nam a2200000 a 4500
001 UCO9293
003 CL-VaPUC
008 010125e20000000CL |||||||||||||||||spa|d
082 0 4 |a 374.01  |b EGA  |2 21 
100 0 |a Egaña Baraona, Loreto  |e author  |9 454408 
700 |a Infante Roldán, María Isabel  |e author  |9 562504 
700 0 |a Carrasco Bertrand, María Isabel  |e author  |9 454410 
700 0 |a Casassus Bulnes, Ana  |e author  |9 454411 
700 0 |a Colomer Salazar, Carmen  |e author  |9 454412 
700 0 |a Hahn Caballero, María Soledad  |e author  |9 454413 
700 |a Infante Roldán, María Isabel  |e author  |9 562504 
700 0 |a Murúa Arroyo, Vivian  |e author  |9 454414 
700 0 |a Pavez Ormazábal  |e author  |9 454415 
245 1 0 |a Educación Básica de Adultos: III nivel, texto cuaderno del estudiante 
300 |a 195 p 
942 |c BK 
945 |d 20010125 00:00:00  |a cmena 
260 |a Santiago  |b MINEDUC  |c 2000 
650 0 |a Educación de adultos  |9 307580 
650 0 |a Educación básica   |9 224933 
650 0 |a Educación lingüística  |9 306506 
650 0 |a Métodos de enseñanza  |9 270413 
583 |a last modification  |c 20010125 00:00:00  |k Rodrigo Vera 
490 0 |a Area de Lenguaje y Comunicación 
999 |c 293554  |d 293552 
952 |0 0  |1 0  |4 0  |6 374_010000000000000_EGA_2000  |7 0  |8 A  |9 345144  |a BIBEDU  |b BIBEDU  |d 2019-11-20  |i 3685985  |o 374.01 EGA 2000  |p 3685985  |r 2019-11-20  |w 2019-11-20  |y BK  |k BME